Pays du monde : 1 lettre sur 2 - Statistiques

Statistiques générales
  • Ce quiz a été pris 37 fois
  • Le résultat moyen est 89 sur 196
Statistiques - réponses
Hint Réponse % Correct
aaa Canada
69%
aaa Panama
63%
lai Albanie
59%
léi Algérie
59%
tt-Ui Etats-Unis
59%
rne France
59%
aaacr Madagascar
59%
aa Qatar
59%
fhnsa Afghanistan
56%
fiu d Sd Afrique du Sud
56%
lean Allemagne
56%
egqe Belgique
56%
otgl Portugal
56%
nor Andorre
53%
urce Autriche
53%
agaeh Bangladesh
53%
rsl Brésil
53%
oé d Nr Corée du Nord
53%
oé d Sd Corée du Sud
53%
san Espagne
53%
hn Ghana
53%
tle Italie
53%
uebug Luxembourg
53%
ai Mali
53%
aoai- Nuel-Gie Papouasie-Nouvelle-Guinée
53%
use Russie
53%
ud Suède
53%
use Suisse
53%
kan Ukraine
53%
niu-e-Brua Antigua-et-Barbuda
50%
rbe auie Arabie Saoudite
50%
utai Australie
50%
zrada Azerbaïdjan
50%
aaa Bahamas
50%
oii Bolivie
50%
one-ezgvn Bosnie-Herzégovine
50%
ukn Fs Burkina Faso
50%
oobe Colombie
50%
ua Cuba
50%
soi Estonie
50%
ilne Finlande
50%
rc Grèce
50%
rk Irak
50%
ao Japon
50%
odne Jordanie
50%
aahtn Kazakhstan
50%
iune Lituanie
50%
aéon d Nr Macédoine du Nord
50%
ovg Norvège
50%
aauy Paraguay
50%
éulqe éortqe u og République Démocratique du Congo
50%
éulqe u og République du Congo
50%
éulqe cèu République Tchèque
50%
omne Roumanie
50%
oam-Ui Royaume-Uni
50%
an-Crsoh-e-Néè Saint-Christophe-et-Niévès
50%
an- Mrn Saint-Marin
50%
lvqi Slovaquie
50%
oo Togo
50%
uqi Turquie
50%
ibbe Zimbabwe
50%
retn Argentine
47%
abd Barbade
47%
ilrsi Biélorussie
47%
ugre Bulgarie
47%
hn Chine
47%
aeak Danemark
47%
gpe Egypte
47%
mrt Aae ns Emirats Arabes Unis
47%
qaer Equateur
47%
ao Gabon
47%
utml Guatemala
47%
une Guinée
47%
une-isu Guinée-Bissau
47%
odrs Honduras
47%
ogi Hongrie
47%
ne Inde
47%
noéi Indonésie
47%
rn Iran
47%
rad Irlande
47%
sad Islande
47%
sal Israël
47%
ooo Kosovo
47%
etne Lettonie
47%
ao Maroc
47%
oao Monaco
47%
ie Niger
47%
iei Nigeria
47%
aitn Pakistan
47%
as-a Pays-Bas
47%
éo Pérou
47%
oon Pologne
47%
éulqe etarcie République Centrafricaine
47%
an-Vnet-t-e-Geaie Saint-Vincent-et-les-Grenadines
47%
a Tm-e-Picp Sao tomé-et-Principe
47%
ééa Sénégal
47%
lvne Slovénie
47%
odn Soudan
47%
odn u u Soudan du Sud
47%
yi Syrie
47%
ca Tchad
47%
uii Tunisie
47%
rga Uruguay
47%
ée Yémen
47%
abe Zambie
47%
noa Angola
44%
uud Burundi
44%
aeon Cameroun
44%
a-Vr Cap-Vert
44%
hl Chili
44%
ot Rc Costa Rica
44%
rai Croatie
44%
Jbui Djibouti
44%
saii Eswatini
44%
tipe Ethiopie
44%
ij Fidji
44%
une qaoil Guinée Equatoriale
44%
at Haïti
44%
aaqe Jamaïque
44%
ictnti Liechtenstein
44%
aase Malaisie
44%
at Malte
44%
artne Mauritanie
44%
eiu Mexique
44%
ogle Mongolie
44%
otngo Monténégro
44%
oabqe Mozambique
44%
ovle- éad Nouvelle-Zélande
44%
mn Oman
44%
ubksa Ouzbékistan
44%
éulqe oiian République Dominicaine
44%
wna Rwanda
44%
ane-ui Sainte-Lucie
44%
oai Somalie
44%
r Lna Sri lanka
44%
uiae Suriname
44%
ajksa Tadjikistan
44%
azne Tanzanie
44%
aia Vatican
44%
réi Arménie
41%
arï Bahreïn
41%
eie Belize
41%
osaa Botswana
41%
abde Cambodge
41%
ooe Comores
41%
ôe ‘Ior Côte d’Ivoire
41%
tt Fdrs e irnse États Fédérés de Micronésie
41%
uaa Guyana
41%
ey Kenya
41%
igiitn Kirghizistan
41%
as Laos
41%
eoh Lesotho
41%
ia Liban
41%
iei Liberia
41%
iy Libye
41%
aai Malawi
41%
arc Maurice
41%
iaau Nicaragua
41%
uad Ouganda
41%
avdr Salvador
41%
hïad Thaïlande
41%
rnt-e-Tbga Trinité-et-Tobago
41%
ukéitn Turkménistan
41%
it a Viêt Nam
41%
éi Bénin
38%
hua Bhoutan
38%
hpe Chypre
38%
rtre Érythrée
38%
abe Gambie
38%
éri Géorgie
38%
rnd Grenade
38%
ls aoo Îles Salomon
38%
odve Moldavie
38%
aas Palaos
38%
ecels Seychelles
38%
ira en Sierra Leone
38%
igpu Singapour
38%
awn Taïwan
38%
og Tonga
38%
aut Vanuatu
38%
eeul Venezuela
38%
rni Brunei
34%
oiiu Dominique
34%
ls asal Îles Marshall
34%
iiai Kiribati
34%
oet Koweït
34%
aii Namibie
34%
éa Népal
34%
hlpie Philippines
34%
ebe Serbie
34%
uau Tuvalu
34%
advs Maldives
31%
ao Samoa
31%
yna Myanmar
28%
ar Nauru
28%
io Oina Timor Oriental
28%
Aucun quiz correspondant
Distribution des résultats
% des personnes avec chaque résultat
Percentile par nombre de réponses
Votre historique - résultats
Vous n’avez pas pris ce quiz